Score 0/28 Timer 03:00
1 Play Today
TV Crime Drama Missing Word % Correct
Law & _____Order
99.1%
______, She WroteMurder
95.9%
_____ ViceMiami
91.3%
______ Five-0Hawaii
89.9%
_______ & HutchStarsky
86.2%
______, Texas RangerWalker
84.6%
______ P.I.Magnum
77.6%
____ NoticeBurn
73.1%
Hart to ____Hart
72.6%
___ to MeLie
67.4%
_________ AngelsCharlie's
66.1%
Hill ______ BluesStreet
59.8%
______ RiderKnight
52.9%
Cagney & _____Lacey
52.8%
TV Crime Drama Missing Word % Correct
Life on ____Mars
49.4%
______ GraceSaving
45%
Barnaby _____Jones
42.8%
The ___ SquadMod
42.6%
______ BreakPrison
38.7%
77 ______ StripSunset
38.7%
Jake and the ______Fatman
30.6%
Cop ____Rock
29.9%
McMillan & ____Wife
28.7%
The ________ FilesRockford
27.2%
____-12Adam
21.9%
Father _______ MysteriesDowling
19.7%
Miss ______Marple
17.2%
__________ and McCormickHardcastle
8.3%

Today's Daily Dose

Remove Ads.
Support Sporcle.
Get the best of Sporcle when you Go Orange. This ad-free experience offers more features, more stats, and more fun while also helping to support Sporcle. Thank you for becoming a member.

You're not logged in!

Compare scores with friends on all Sporcle quizzes.
OR
Log In

Show Comments

Extras

Top Quizzes Today


Score Distribution

Your Account Isn't Verified!

In order to create a playlist on Sporcle, you need to verify the email address you used during registration. Go to your Sporcle Settings to finish the process.

Report this User

Report this user for behavior that violates our Community Guidelines.

Details: